000 00618nam a2200277Ia 4500
005 20260324150850.0
008 008 260324s9999 xx 000 0 eng d
020 _a9781315205465
037 _aEBOOK
040 _aCRL
040 _beng
040 _cCRL
041 _2eng
041 _aeng
084 _qCRL
100 _aK.G. Fenelon
_91227897
245 0 _aRailway Economics
260 _bTaylor and Francis
260 _c1932
365 _a
365 _b180
856 _uhttp://www.taylorfrancis.com/books/9781315205465
942 _cEBOOK
999 _c1838087
_d1838087